000
00430nam a2200145Ia 4500
008
090122s9999 xx 000 0 und d
082
_b
9008
_a
891.462
100
_a
देवल
_b
गोविंद
_c
बल्लाळ
245
_a
संगीत शारदा
600
_a
देवल
630
_a
संगीत शारदा
700
_a
देवल
730
_a
संगीत शारदा
942
_c
BOOK
999
_c
33085
_d
33085